00638nam a2200169Ia 4500008004000000020001800040082002100058100002000079245005700099260003600156300001300192650003100205690002800236906001100264999001900275952017400294210210b2001 xxu||||| |||| 00| 0 eng d a81 7648 272 4 a327.5405491 CHII aCHITKARA (M G). aIndo-Pak relations challenges before new millennium. aNew Delhi.bNot Mentionedc2001 axxiv,248 aIndia Pakistan relations  aInternational Relations a057882 c105329d105329 001040708Political ScienceaALbALcPolitical Scienced2021-02-17eAparna Prakashan, Kanpur.g400.00l0o327.5405491 CHIIp057882r2021-02-17 00:00:00w2021-02-17yBK